[Event "Solingen-ch 2017"]
[Site "Solingen"]
[Date "2017.09.22"]
[Round "2.11"]
[White "Nguyen, Gia Huy Philipp"]
[Black "Erkay, Ali-Necip"]
[Result "1/2-1/2"]
[WhiteElo "1875"]
[BlackElo "1955"]
[PlyCount "106"]
[EventDate "2017.??.??"]
[WhiteTeam "SG Solingen"]
[BlackTeam "SG Solingen"]

1. e4 Nf6 2. e5 Nd5 3. d4 d6 4. c4 Nb6 5. exd6 cxd6 6. Nc3 g6 7. a4 Bg7 8. a5
N6d7 9. Nf3 Nf6 10. d5 O-O 11. Be2 b6 12. axb6 Qxb6 13. Nb5 a6 14. Qc2 Bf5 15.
Bd3 Bxd3 16. Qxd3 Nbd7 17. Nc3 Nc5 18. Qe2 Nb3 19. Be3 Qb7 20. Ra3 Ng4 21. Bg5
Rfe8 22. O-O Ne5 23. Nxe5 Bxe5 24. Be3 Reb8 25. Nb5 axb5 26. Rxb3 b4 27. Rc1
Qa6 28. g3 Qa2 29. Qc2 Rb7 30. Bd2 Rab8 31. Qd1 Qa5 32. Ra1 Qc5 33. Qc2 Rc8 34.
Rc1 Bd4 35. Be1 Rcb8 36. Qd3 Qa7 37. Qd1 Qc5 38. Qd2 Qb6 39. Ra1 Bc5 40. Qf4
Qd8 41. h4 Qe8 42. h5 e5 43. Qh4 Qe7 44. hxg6 fxg6 45. Qe4 Rf8 46. Qc2 Qf6 47.
Ra4 Qf7 48. Kg2 Qd7 49. Ra1 Qf7 50. Ra4 Qd7 51. Ra1 Qf7 52. Ra4 Qf6 53. Qe2
Rfb8 1/2-1/2

[Event "Solingen-ch 2017"]
[Site "Solingen"]
[Date "2017.09.22"]
[Round "2.12"]
[White "Bashylina, Luisa"]
[Black "Beyer, Fabian"]
[Result "1-0"]
[WhiteElo "1619"]
[BlackElo "1941"]
[PlyCount "83"]
[EventDate "2017.??.??"]
[WhiteTeam "SG Solingen"]
[BlackTeam "SG Solingen"]

1. e4 c6 2. Nf3 d5 3. exd5 cxd5 4. Ne5 a6 5. d4 Nf6 6. c3 Bf5 7. Bg5 Ne4 8. Be3
Nd7 9. Nxd7 Qxd7 10. Nd2 e6 11. Nxe4 Bxe4 12. f3 Bg6 13. Bd3 Bd6 14. O-O Bxd3
15. Qxd3 O-O 16. f4 b5 17. f5 f6 18. fxe6 Qxe6 19. Rae1 Qe4 20. Qd2 Qg6 21. Bf4
f5 22. Bxd6 Qxd6 23. Re5 f4 24. Rxf4 Rxf4 25. Qxf4 Rf8 26. Qg4 Qf6 27. Qe6+
Qxe6 28. Rxe6 Rf6 29. Rxf6 gxf6 30. Kf2 Kf7 31. Kf3 Kg6 32. Kf4 a5 33. g4 a4
34. h3 h6 35. h4 Kg7 36. Kf5 Kf7 37. a3 Kg7 38. Ke6 Kg6 39. Kxd5 h5 40. gxh5+
Kxh5 41. Ke6 Kg6 42. d5 1-0

[Event "Solingen-ch 2017"]
[Site "Solingen"]
[Date "2017.09.29"]
[Round "2.13"]
[White "Ehringfeld, Michael"]
[Black "Kaiser, Stephan"]
[Result "1/2-1/2"]
[WhiteElo "1569"]
[BlackElo "1811"]
[PlyCount "122"]
[EventDate "2017.??.??"]
[WhiteTeam "SG Solingen"]
[BlackTeam "SG Solingen"]

1. d4 d5 2. Nf3 Nf6 3. Bf4 Bf5 4. e3 Nbd7 5. Bd3 Bg4 6. h3 Bh5 7. Nbd2 e6 8.
O-O Be7 9. c4 c5 10. Qb3 Qb6 11. Qxb6 Nxb6 12. cxd5 Nbxd5 13. Bb5+ Kd8 14. Be5
a6 15. Bxf6 Bxf6 16. Ba4 cxd4 17. e4 Nb6 18. Bc2 e5 19. g4 Bg6 20. g5 Be7 21.
Nxe5 Bxg5 22. Ndf3 Bf6 23. Rad1 Ke7 24. Rxd4 Bh5 25. Rb4 Bxf3 26. Nxf3 Nd7 27.
Rxb7 Rab8 28. Ra7 Ra8 29. Rb7 Rab8 30. Rxb8 Rxb8 31. b3 Rc8 32. Bb1 Rc3 33. Kg2
Ke6 34. Re1 h6 35. Nd2 g5 36. Nc4 Ne5 37. Nxe5 Bxe5 38. Rd1 Rc5 39. Bd3 a5 40.
Bc4+ Ke7 41. Kf3 h5 42. a3 Bb2 43. a4 f5 44. exf5 Rxf5+ 45. Kg2 Bc3 46. Rd3 Bb4
47. Re3+ Kf8 48. Bd3 Rf6 49. Re5 g4 50. Rxh5 gxh3+ 51. Rxh3 Ke7 52. Bc4 Kd6 53.
Rd3+ Ke5 54. f3 Rg6+ 55. Kh3 Kf4 56. Rd4+ Ke3 57. Rd3+ Kf4 58. Rd4+ Kxf3 59.
Bd5+ Ke3 60. Re4+ Kd2 61. Rd4+ Ke3 1/2-1/2

[Event "Solingen-ch 2017"]
[Site "Solingen"]
[Date "2017.09.26"]
[Round "2.14"]
[White "Speck, Stefan"]
[Black "Schubert, Stefan"]
[Result "1-0"]
[WhiteElo "2006"]
[BlackElo "1641"]
[PlyCount "31"]
[EventDate "2017.??.??"]
[WhiteTeam "SC Solingen 28"]
[BlackTeam "SG Solingen"]

1. e4 e5 2. Nf3 Nc6 3. Nc3 Nf6 4. d4 exd4 5. Nxd4 Bb4 6. Nxc6 Bxc3+ 7. bxc3
bxc6 8. Bd3 O-O 9. O-O Re8 10. Bg5 d6 11. f4 Bg4 12. Qe1 h6 13. Bh4 Bd7 14. c4
c5 15. Qc3 Nxe4 16. Bxe4 1-0

[Event "Solingen-ch 2017"]
[Site "Solingen"]
[Date "2017.09.29"]
[Round "2.17"]
[White "Zimdars, Wolfgang"]
[Black "Fränzel, Dr. Marius"]
[Result "0-1"]
[WhiteElo "1626"]
[BlackElo "1787"]
[PlyCount "88"]
[EventDate "2017.??.??"]
[WhiteTeam "SG Solingen"]
[BlackTeam "SG Solingen"]

1. d4 d5 2. Nf3 Nf6 3. e3 a6 4. Bd3 Bg4 5. b3 e6 6. O-O Bd6 7. Nbd2 O-O 8. Bb2
Nbd7 9. h3 Bh5 10. Be2 Re8 11. Ne5 Bg6 12. Ndf3 c5 13. Nxg6 hxg6 14. Ne5 Qc7
15. Nxd7 Nxd7 16. Qd2 b5 17. Bf3 Rac8 18. c3 Nf6 19. Rac1 e5 20. dxc5 Bxc5 21.
Qd1 Rcd8 22. Qc2 Qb6 23. Rcd1 a5 24. a3 b4 25. axb4 axb4 26. cxb4 Bxb4 27. Rc1
Bd6 28. Rb1 d4 29. exd4 exd4 30. Qd3 Bc7 31. g3 Qd6 32. Kg2 Bb6 33. Rfe1 Nd7
34. Rxe8+ Rxe8 35. Rd1 Ne5 36. Qe4 Rd8 37. Qb7 Qc5 38. Rd2 Qb4 39. Re2 Nxf3 40.
Qxf3 d3 41. Re4 Qxb3 42. Bc1 Qc2 43. Re7 f6 44. Qb7 Qxf2+ 0-1

[Event "Solingen-ch 2017"]
[Site "Solingen"]
[Date "2017.09.29"]
[Round "2.18"]
[White "Meckel, Helmut"]
[Black "Littek, Oliver"]
[Result "1-0"]
[WhiteElo "1773"]
[BlackElo "1595"]
[PlyCount "55"]
[EventDate "2017.??.??"]
[WhiteTeam "SG Solingen"]
[BlackTeam "SG Solingen"]

1. e4 e5 2. Nc3 Nf6 3. f4 exf4 4. e5 Ng8 5. d4 Bb4 6. Bxf4 Ne7 7. Bc4 Ng6 8.
Bg3 O-O 9. a3 Ba5 10. Nf3 c6 11. O-O Bc7 12. Qd2 d6 13. exd6 Bxd6 14. Bxd6 Qxd6
15. Ng5 Be6 16. Nce4 Qe7 17. Nxe6 fxe6 18. Ng5 Na6 19. Nxe6 Rxf1+ 20. Rxf1 Kh8
21. Ng5 Rf8 22. Nf7+ Kg8 23. Ne5+ Kh8 24. Nxg6+ hxg6 25. Rxf8+ Qxf8 26. Qd3 Qf6
27. Qh3+ Qh4 28. Qxh4# 1-0

[Event "Solingen-ch 2017"]
[Site "Solingen"]
[Date "2017.09.29"]
[Round "2.19"]
[White "Barche, Uwe"]
[Black "Falge, Rainer"]
[Result "0-1"]
[WhiteElo "1409"]
[BlackElo "1763"]
[PlyCount "58"]
[EventDate "2017.??.??"]
[WhiteTeam "SG Solingen"]
[BlackTeam "SG Solingen"]

1. c4 d6 2. g3 Nf6 3. Bg2 g6 4. Nc3 Bg7 5. e4 O-O 6. Nge2 c6 7. O-O Na6 8. d3
Nc7 9. a4 Bd7 10. h3 Rb8 11. Be3 b6 12. Rb1 e5 13. b4 d5 14. cxd5 cxd5 15. exd5
Bc8 16. f4 Nfxd5 17. Qc1 exf4 18. Bxf4 Nxf4 19. Nxf4 Qd4+ 20. Kh2 Qxc3 21. Rd1
Qxc1 22. Rdxc1 Ne6 23. Nd5 Bb7 24. Ne7+ Kh8 25. Nc6 Bxc6 26. Rxc6 Rfc8 27. Rc4
Rxc4 28. dxc4 Rd8 29. h4 Bd4 0-1

[Event "Solingen-ch 2017"]
[Site "Solingen"]
[Date "2017.09.29"]
[Round "2.21"]
[White "Fodor, Bernhard"]
[Black "Skiber, Friedel"]
[Result "0-1"]
[WhiteElo "1291"]
[BlackElo "1730"]
[PlyCount "64"]
[EventDate "2017.??.??"]
[WhiteTeam "SG Solingen"]
[BlackTeam "SG Solingen"]

1. b4 g6 2. Bb2 Nf6 3. a3 Bg7 4. f4 d5 5. Nf3 Nbd7 6. g3 a5 7. Nc3 O-O 8. Bg2
c6 9. Na4 b5 10. Nc5 Nb6 11. Nd4 Qd6 12. d3 Na4 13. Nxa4 bxa4 14. c3 axb4 15.
axb4 Bd7 16. Ba3 Ng4 17. Qd2 Rfe8 18. O-O e5 19. Nc2 exf4 20. Rxf4 Bh6 21. Raf1
Bxf4 22. Rxf4 Qe5 23. e4 f5 24. d4 Qc7 25. exd5 Nf6 26. Rh4 cxd5 27. Bc1 Ne4
28. Qh6 Bb5 29. Bf4 Qg7 30. Be5 Qxh6 31. Rxh6 Nxc3 32. Kh1 a3 0-1

[Event "Solingen-ch 2017"]
[Site "Solingen"]
[Date "2017.09.29"]
[Round "2.22"]
[White "Rist, Kurt"]
[Black "Schubert, Florian"]
[Result "1-0"]
[WhiteElo "1706"]
[BlackElo "1297"]
[PlyCount "43"]
[EventDate "2017.??.??"]
[WhiteTeam "SG Solingen"]
[BlackTeam "SG Solingen"]

1. e4 e5 2. Nf3 Nc6 3. Bc4 Bc5 4. O-O Nf6 5. d3 O-O 6. c3 d6 7. Bg5 Be6 8. Bb3
Na5 9. Bc2 Bb6 10. d4 Nc4 11. b3 Na5 12. Nbd2 c5 13. dxe5 dxe5 14. Nxe5 Bc7 15.
f4 Bg4 16. Nxg4 c4 17. e5 Bb6+ 18. Kh1 cxb3 19. axb3 h6 20. Nxf6+ gxf6 21. Bxf6
Qd7 22. Rf3 1-0

[Event "Solingen-ch 2017"]
[Site "Solingen"]
[Date "2017.10.13"]
[Round "3.1"]
[White "Kesseler, Heiko"]
[Black "Schneider, Bernd"]
[Result "0-1"]
[WhiteElo "2096"]
[BlackElo "2372"]
[PlyCount "66"]
[EventDate "2017.??.??"]
[WhiteTeam "Düsseldorfer SK"]
[BlackTeam "Bochumer SV"]

1. e4 g6 2. d4 Bg7 3. Nc3 d6 4. Be3 Nc6 5. Be2 e5 6. Nf3 Bd7 7. Qd2 Nf6 8. dxe5
dxe5 9. h3 O-O 10. O-O Qc8 11. Bh6 Re8 12. Bxg7 Kxg7 13. Rad1 a6 14. a4 h6 15.
Nh2 Be6 16. f4 Rd8 17. Qe3 Rxd1 18. Bxd1 Qd8 19. Qg3 Qd4+ 20. Kh1 Nxe4 21. Nxe4
Qxe4 22. fxe5 Qxe5 23. Qa3 Qd6 24. Qf3 Bd5 25. Qf2 Re8 26. Bf3 Bxf3 27. Qxf3 f5
28. Qb3 Nd4 29. Qxb7 Ne2 30. Rf2 Ng3+ 31. Kg1 Re1+ 32. Nf1 Nxf1 33. Rxf1 Qc5+
0-1

[Event "Solingen-ch 2017"]
[Site "Solingen"]
[Date "2017.10.13"]
[Round "3.2"]
[White "Kniest, Oliver"]
[Black "Boschek, Dr. Hans-Joachim"]
[Result "1-0"]
[WhiteElo "2300"]
[BlackElo "1915"]
[PlyCount "81"]
[EventDate "2017.??.??"]
[WhiteTeam "SG Solingen"]
[BlackTeam "SG Solingen"]

1. c4 e6 2. Nc3 d5 3. d4 Nf6 4. cxd5 exd5 5. Bg5 Be7 6. e3 c6 7. Bd3 Nbd7 8.
Nge2 h6 9. Bh4 Nh5 10. Bxe7 Qxe7 11. Qd2 Nb6 12. O-O O-O 13. f3 f5 14. Rae1 Qg5
15. Nc1 Bd7 16. Nb3 Rae8 17. Nc5 Bc8 18. Nd1 Nd7 19. Qc3 Nxc5 20. Qxc5 a6 21.
b4 Re6 22. Re2 Rfe8 23. Qc2 R6e7 24. a4 f4 25. e4 dxe4 26. fxe4 Bg4 27. Ree1
Rf8 28. Qc5 Qxc5 29. bxc5 g5 30. Nc3 Nf6 31. d5 Rfe8 32. Bc4 Kg7 33. Rb1 Bc8
34. Rfd1 Nxe4 35. Nxe4 Rxe4 36. Bd3 Rxa4 37. d6 Rd8 38. Be2 a5 39. d7 Rxd7 40.
Rxd7+ Bxd7 41. Rxb7 1-0

[Event "Solingen-ch 2017"]
[Site "Solingen"]
[Date "2017.10.13"]
[Round "3.3"]
[White "Lux, Andreas"]
[Black "Lemanczyk, Thomas"]
[Result "0-1"]
[WhiteElo "1893"]
[BlackElo "2244"]
[PlyCount "100"]
[EventDate "2017.??.??"]
[WhiteTeam "vereinslos"]
[BlackTeam "SG Solingen"]

1. d4 Nf6 2. Nf3 d5 3. e3 c5 4. c3 Nbd7 5. Bd3 g6 6. O-O Bg7 7. Nbd2 O-O 8. Qe2
Qc7 9. e4 Nh5 10. g3 dxe4 11. Nxe4 b6 12. dxc5 bxc5 13. Be3 Bb7 14. Rad1 Nhf6
15. Nxf6+ Nxf6 16. Bb5 Nd5 17. Bc1 a6 18. Ba4 Nb6 19. Bc2 Qc6 20. Kg2 Nc4 21.
Rfe1 Nd6 22. Rd3 Rfe8 23. Qd1 Nc4 24. Ba4 Qc7 25. Rd7 Qb6 26. Rxb7 Qxb7 27.
Bxe8 Rxe8 28. Qa4 Nd6 29. Rd1 Rc8 30. Qb3 Qxb3 31. axb3 Rb8 32. Rd5 c4 33. b4
Rb5 34. Rc5 Kf8 35. g4 Ke8 36. Be3 Kd7 37. Bd4 f6 38. Nd2 Bh6 39. Nxc4 Rxc5 40.
Nb6+ Kc6 41. Bxc5 Ne4 42. Nc8 Nxc5 43. bxc5 Kxc5 44. Nxe7 Bc1 45. b3 Kd6 46.
Nc8+ Kc6 47. c4 Ba3 48. Kf3 Kc7 49. Ke4 Kxc8 50. Kd5 Kd7 0-1

[Event "Solingen-ch 2017"]
[Site "Solingen"]
[Date "2017.10.06"]
[Round "3.5"]
[White "Boos, Markus"]
[Black "Nguyen, Gia Huy Philipp"]
[Result "1-0"]
[WhiteElo "2185"]
[BlackElo "1875"]
[PlyCount "55"]
[EventDate "2017.??.??"]
[WhiteTeam "SF Vonkeln"]
[BlackTeam "SG Solingen"]

1. d4 e6 2. c4 d5 3. Nf3 a6 4. g3 dxc4 5. Bg2 b5 6. Ne5 Ra7 7. a4 Bb7 8. e4 Ra8
9. O-O Nd7 10. Qe2 Nxe5 11. dxe5 c6 12. Be3 Ne7 13. f4 Qd3 14. Qf2 Ng6 15. Nc3
Qd7 16. h4 Bb4 17. h5 Ne7 18. Rad1 Qc8 19. f5 exf5 20. exf5 Nd5 21. Nxd5 cxd5
22. Bxd5 Bxd5 23. Rxd5 Qc6 24. Qf3 O-O 25. f6 Rad8 26. Rxd8 Qxf3 27. Rxf8+ Bxf8
28. Rxf3 1-0

[Event "Solingen-ch 2017"]
[Site "Solingen"]
[Date "2017.10.13"]
[Round "3.6"]
[White "Görke, Joachim"]
[Black "Borchert, Stephan"]
[Result "0-1"]
[WhiteElo "2115"]
[BlackElo "1914"]
[PlyCount "60"]
[EventDate "2017.??.??"]
[WhiteTeam "SG Solingen"]
[BlackTeam "SG Solingen"]

1. d4 Nf6 2. c4 g6 3. Nc3 Bg7 4. e4 d6 5. f3 O-O 6. Bg5 a6 7. Qd2 Nc6 8. Nge2
Rb8 9. Bh6 b5 10. Bxg7 Kxg7 11. cxb5 axb5 12. d5 Ne5 13. Nd4 b4 14. Ncb5 Bd7
15. Qxb4 e6 16. Qa5 exd5 17. Qxc7 Qxc7 18. Nxc7 Rxb2 19. a4 Rc8 20. Ncb5 dxe4
21. Nxd6 Ra8 22. a5 exf3 23. gxf3 Nd5 24. a6 Ne3 25. f4 Nf3+ 26. Nxf3 Nc2+ 27.
Kf2 Nxa1+ 28. Kg3 Bc6 29. Bc4 Nb3 30. Rd1 Bxf3 0-1

[Event "Solingen-ch 2017"]
[Site "Solingen"]
[Date "2017.10.13"]
[Round "3.9"]
[White "Flesch, Dr. Stefan"]
[Black "Meckel, Helmut"]
[Result "1-0"]
[WhiteElo "2097"]
[BlackElo "1773"]
[PlyCount "55"]
[EventDate "2017.??.??"]
[WhiteTeam "SG Solingen"]
[BlackTeam "SG Solingen"]

1. d4 e6 2. Nf3 Nf6 3. e3 c5 4. Bd3 Nc6 5. b3 cxd4 6. exd4 Qc7 7. O-O Nb4 8. c4
Nxd3 9. Qxd3 b6 10. Nc3 Ba6 11. d5 Bb4 12. Bg5 Be7 13. Rfe1 O-O 14. Rad1 Bd8
15. d6 Qc8 16. Qd4 h6 17. Bh4 Nh5 18. Be7 Re8 19. Bxd8 Rxd8 20. Qh4 Nf6 21. Ne5
Qc5 22. Re3 Ne8 23. Qe7 Nf6 24. Qxf7+ Kh7 25. Qg6+ Kg8 26. Rg3 Ne8 27. Nf7 Kf8
28. Nxh6 1-0

[Event "Solingen-ch 2017"]
[Site "Solingen"]
[Date "2017.10.13"]
[Round "3.10"]
[White "Fränzel, Dr. Marius"]
[Black "Speck, Stefan"]
[Result "0-1"]
[WhiteElo "1787"]
[BlackElo "2006"]
[PlyCount "52"]
[EventDate "2017.??.??"]
[WhiteTeam "SG Solingen"]
[BlackTeam "SC Solingen 28"]

1. e4 d6 2. d4 Nf6 3. Nc3 e5 4. dxe5 dxe5 5. Qxd8+ Kxd8 6. Bg5 Be6 7. O-O-O+
Kc8 8. Bxf6 gxf6 9. Nd5 Nd7 10. Bc4 Bc5 11. Bb3 a5 12. f4 a4 13. Bc4 exf4 14.
Be2 a3 15. b3 c6 16. Nc3 b5 17. Bf3 Ne5 18. Nce2 Kc7 19. Nd4 Rad8 20. Nge2 Bg4
21. c3 Rhg8 22. Kc2 Bxf3 23. gxf3 Rg2 24. Rd2 Bxd4 25. Nxd4 Rxd2+ 26. Kxd2 c5
0-1

[Event "Solingen-ch 2017"]
[Site "Solingen"]
[Date "2017.10.13"]
[Round "3.12"]
[White "Große-Hering, Peter"]
[Black "Ehringfeld, Michael"]
[Result "1-0"]
[WhiteElo "1957"]
[BlackElo "1569"]
[PlyCount "111"]
[EventDate "2017.??.??"]
[WhiteTeam "SV Horst-Emscher"]
[BlackTeam "SG Solingen"]

1. e4 e6 2. d3 d5 3. Nd2 Nf6 4. Ngf3 b6 5. g3 Bb7 6. Bg2 dxe4 7. Ng5 Nbd7 8.
Ngxe4 Nxe4 9. Nxe4 Bxe4 10. dxe4 Rb8 11. O-O Be7 12. Qe2 Qc8 13. e5 O-O 14. Bf4
a5 15. Rad1 Nc5 16. Rd4 Qa6 17. Qg4 f5 18. exf6 Bxf6 19. Rd2 Rbc8 20. c3 Kh8
21. Rfd1 Qc4 22. Bf1 Qe4 23. Qh5 Qf5 24. Qe2 e5 25. Be3 Ne6 26. Qc4 Ng5 27. Rd7
Qe4 28. Qxe4 Nxe4 29. Bg2 Nd6 30. Bxb6 Nc4 31. Bc5 Rfd8 32. b4 a4 33. Rxd8+
Rxd8 34. Rxd8+ Bxd8 35. Bc6 Nb6 36. Kg2 Kg8 37. Kf3 Kf7 38. Ke4 Ke6 39. Bxb6
cxb6 40. Bxa4 h5 41. h4 g5 42. hxg5 Bxg5 43. Bb3+ Kf6 44. a4 Bd2 45. Kd3 Be1
46. a5 bxa5 47. bxa5 Bxf2 48. a6 Ba7 49. Ke4 Bb8 50. c4 Ke7 51. Bd1 Kd6 52.
Bxh5 Kc6 53. Be8+ Kb6 54. Bb5 Bd6 55. g4 Ka7 56. g5 1-0

[Event "Solingen-ch 2017"]
[Site "Solingen"]
[Date "2017.10.13"]
[Round "3.14"]
[White "Falge, Rainer"]
[Black "Vranidis, Athanassios"]
[Result "0-1"]
[WhiteElo "1763"]
[BlackElo "1943"]
[PlyCount "72"]
[EventDate "2017.??.??"]
[WhiteTeam "SG Solingen"]
[BlackTeam "SG Solingen"]

1. e4 c5 2. c3 Nf6 3. e5 Nd5 4. d4 cxd4 5. cxd4 d6 6. Bc4 Nb6 7. Bb3 dxe5 8.
dxe5 Qxd1+ 9. Bxd1 Nc6 10. Bf4 Bf5 11. Ne2 e6 12. Nbc3 Be7 13. Rc1 O-O 14. O-O
Nc4 15. Ng3 Bg6 16. Re1 Nxb2 17. Bc2 Bxc2 18. Rxc2 Nd3 19. Re4 Ncb4 20. Rce2
Nxf4 21. Rxf4 Rfd8 22. h3 Rac8 23. Nb5 a6 24. Nd6 Rc1+ 25. Kh2 Bxd6 26. exd6
Nd5 27. Rd4 Rxd6 28. Nf5 Rd8 29. Ne7+ Kf8 30. Nxd5 Rxd5 31. Rxd5 exd5 32. Rd2
Rc5 33. Kg3 f6 34. Kf4 Kf7 35. Re2 Rc4+ 36. Ke3 Re4+ 0-1

[Event "Solingen-ch 2017"]
[Site "Solingen"]
[Date "2017.10.13"]
[Round "3.16"]
[White "Skiber, Friedel"]
[Black "Oler, Gürkan"]
[Result "0-1"]
[WhiteElo "1730"]
[BlackElo "1879"]
[PlyCount "96"]
[EventDate "2017.??.??"]
[WhiteTeam "SG Solingen"]
[BlackTeam "SC Erkrath"]

1. e4 d6 2. d4 Nf6 3. Nc3 Nbd7 4. Bc4 e5 5. Nge2 c6 6. Bg5 Be7 7. f4 b5 8. Bb3
O-O 9. O-O b4 10. Bxf6 Bxf6 11. Na4 Ba6 12. c3 exd4 13. cxd4 Bxe2 14. Qxe2
Bxd4+ 15. Kh1 Qe7 16. Rad1 c5 17. Bd5 Rab8 18. b3 Nf6 19. Qf3 Nxd5 20. exd5
Rbe8 21. Qg3 Qe4 22. f5 Qe5 23. Qf3 Qf6 24. Rd2 Re3 25. Qg4 Rfe8 26. Qd1 Qe5
27. Qb1 Re1 28. Rd1 Rxf1+ 29. Rxf1 Qxd5 30. Nb2 Bxb2 31. Qxb2 Qe5 32. Qb1 Qe4
33. Qa1 f6 34. h3 Re5 35. Qd1 d5 36. Qc1 Qe3 37. Qb1 d4 38. Kh2 h6 39. Qc2 Qe2
40. Qb1 d3 41. Rd1 Rd5 42. Qc1 Qe5+ 43. Kh1 Qxf5 44. Qc4 Kh7 45. Kg1 d2 46. Qe2
Qc2 47. Qf3 Re5 48. Qf2 Qxd1+ 0-1

[Event "Solingen-ch 2017"]
[Site "Solingen"]
[Date "2017.10.13"]
[Round "3.17"]
[White "von Häfen, Dieter"]
[Black "Riesen, Peter"]
[Result "0-1"]
[WhiteElo "1630"]
[BlackElo "1801"]
[PlyCount "120"]
[EventDate "2017.??.??"]
[WhiteTeam "SV Hennef"]
[BlackTeam "Klub Kölner SF"]

1. Nf3 Nf6 2. d4 g6 3. c4 Bg7 4. Nc3 d6 5. e4 O-O 6. Be3 e5 7. d5 a5 8. Be2
Nbd7 9. O-O Ng4 10. Bg5 f6 11. Bh4 Nh6 12. Nd2 Nc5 13. a3 g5 14. Bg3 f5 15.
exf5 Nxf5 16. Nde4 Nxe4 17. Nxe4 Nd4 18. Bd3 h6 19. Rc1 b6 20. Qh5 Bf5 21. h4
Qe8 22. Qxe8 Raxe8 23. Rcd1 g4 24. Nc3 Bxd3 25. Rxd3 Kh7 26. Nb5 Ne2+ 27. Kh2
Re7 28. f3 e4 29. Re3 gxf3 30. gxf3 Nxg3 31. Kxg3 Be5+ 32. Kf2 Bxb2 33. a4 Bf6
34. h5 Bg5 35. Ree1 Rxf3+ 36. Ke2 Rxf1 37. Rxf1 Kg7 38. Nd4 Kg8 39. Ne6 Rf7 40.
Rxf7 Kxf7 41. Nxc7 Kf6 42. Na8 Ke5 43. Nxb6 Kd4 44. Nc8 Bf4 45. Ne7 Kxc4 46.
Ng6 Bg5 47. Nh8 Kxd5 48. Kd1 Kc4 49. Nf7 Bf4 50. Nd8 d5 51. Nc6 Bc7 52. Ne7 d4
53. Nf5 Bf4 54. Nh4 e3 55. Ng6 Bg5 56. Ne5+ Kc3 57. Nf3 Bf4 58. Nh4 d3 59. Nf5
e2+ 60. Ke1 Bd2+ 0-1

[Event "Solingen-ch 2017"]
[Site "Solingen"]
[Date "2017.10.13"]
[Round "3.18"]
[White "Beyer, Fabian"]
[Black "Kaiser, Stephan"]
[Result "0-1"]
[WhiteElo "1941"]
[BlackElo "1811"]
[PlyCount "106"]
[EventDate "2017.??.??"]
[WhiteTeam "SG Solingen"]
[BlackTeam "SG Solingen"]

1. c4 e5 2. Nc3 Nf6 3. Nf3 d6 4. g3 Be6 5. d3 Nbd7 6. Bg2 c6 7. Ng5 Bf5 8. O-O
Be7 9. Rb1 O-O 10. b4 Qc7 11. b5 Rab8 12. Ba3 Rfe8 13. bxc6 bxc6 14. Qa4 Rec8
15. Rxb8 Nxb8 16. h3 Qd7 17. Kh2 h6 18. Nf3 e4 19. dxe4 Nxe4 20. Nd1 d5 21. Bb2
Bf6 22. Bxf6 Nxf6 23. Ne3 Be4 24. Ne5 Qd6 25. f4 Qc5 26. Qb3 Nbd7 27. Bxe4 Nxe5
28. Bf5 Ned7 29. Kg2 Rb8 30. Qd3 Nb6 31. cxd5 cxd5 32. Rd1 Re8 33. Nf1 Nc4 34.
Kf3 Nb2 35. Qd4 Qa3+ 36. Rd3 Nxd3 37. Bxd3 Qxa2 38. Ne3 Qa5 39. Nf5 Qb6 40.
Qxb6 axb6 41. Nd6 Re6 42. Nb5 Kf8 43. g4 Ne4 44. Nc7 Nd2+ 45. Kf2 Rd6 46. Ke3
Nb3 47. Bc2 Nc5 48. Kd4 Ne6+ 49. Nxe6+ fxe6 50. Ba4 Ke7 51. Ke5 d4 52. h4 d3
53. exd3 Rxd3 0-1

[Event "Solingen-ch 2017"]
[Site "Solingen"]
[Date "2017.10.13"]
[Round "3.19"]
[White "Ipekyilmaz, Tayfun"]
[Black "Barche, Uwe"]
[Result "1-0"]
[WhiteElo "1739"]
[BlackElo "1409"]
[PlyCount "51"]
[EventDate "2017.??.??"]
[WhiteTeam "Langenfelder SF"]
[BlackTeam "SG Solingen"]

1. e4 e6 2. d4 d5 3. Nc3 Nf6 4. Bg5 Be7 5. e5 Nfd7 6. h4 c5 7. Bxe7 Kxe7 8. Qg4
Kf8 9. Rh3 Nc6 10. Nb5 cxd4 11. f4 Ne7 12. Nxd4 Nc5 13. Bd3 Qa5+ 14. c3 Nxd3+
15. Rxd3 Qb6 16. O-O-O Bd7 17. Rg3 Rg8 18. Ngf3 h6 19. h5 g6 20. Qh4 gxh5 21.
Rxg8+ Nxg8 22. Qxh5 Qd8 23. g4 Be8 24. g5 hxg5 25. Nxg5 Ke7 26. Qh7 1-0

[Event "Solingen-ch 2017"]
[Site "Solingen"]
[Date "2017.10.13"]
[Round "3.20"]
[White "Schubert, Stefan"]
[Black "Fodor, Bernhard"]
[Result "1-0"]
[WhiteElo "1641"]
[BlackElo "1291"]
[PlyCount "51"]
[EventDate "2017.??.??"]
[WhiteTeam "SG Solingen"]
[BlackTeam "SG Solingen"]

1. d4 f5 2. Bf4 Nf6 3. Nf3 d6 4. e3 c6 5. Be2 Qa5+ 6. Qd2 Qxd2+ 7. Nbxd2 b5 8.
b4 h6 9. h3 Nbd7 10. a4 e5 11. dxe5 dxe5 12. Bh2 Bxb4 13. axb5 c5 14. Nxe5 Nxe5
15. Bxe5 Ne4 16. c3 Bxc3 17. Bxc3 Nxc3 18. Rc1 Nxe2 19. Kxe2 Bb7 20. f3 Rc8 21.
Nc4 O-O 22. Nd6 Ba8 23. Nxc8 Rxc8 24. Rhd1 c4 25. Rc3 g5 26. Rd4 1-0

[Event "Solingen-ch 2017"]
[Site "Solingen"]
[Date "2017.10.13"]
[Round "3.22"]
[White "Littek, Oliver"]
[Black "Zimdars, Wolfgang"]
[Result "0-1"]
[WhiteElo "1595"]
[BlackElo "1626"]
[PlyCount "36"]
[EventDate "2017.??.??"]
[WhiteTeam "SG Solingen"]
[BlackTeam "SG Solingen"]

1. e4 c6 2. Nf3 d5 3. exd5 cxd5 4. d3 Nc6 5. Be2 Bg4 6. O-O Nf6 7. Nfd2 Bxe2 8.
Qxe2 e6 9. Nc3 Bd6 10. Nb3 a6 11. Bg5 O-O 12. Rad1 Rc8 13. Nd2 h6 14. Bh4 Nd4
15. Qe1 Nxc2 16. Qe2 Nd4 17. Qe3 Nf5 18. Bxf6 Nxe3 0-1

[Event "Solingen-ch 2017"]
[Site "Solingen"]
[Date "2017.10.13"]
[Round "3.23"]
[White "Schubert, Florian"]
[Black "Foitzik, Peter"]
[Result "0-1"]
[WhiteElo "1297"]
[BlackElo "1624"]
[PlyCount "72"]
[EventDate "2017.??.??"]
[WhiteTeam "SG Solingen"]
[BlackTeam "Godesberger SK"]

1. e4 e6 2. Nf3 c5 3. Bc4 Nc6 4. Nc3 a6 5. d4 b5 6. Be2 cxd4 7. Nxd4 Nge7 8.
O-O Nxd4 9. Qxd4 Nc6 10. Qd3 Qc7 11. Be3 Nb4 12. Qd2 Bd6 13. g3 O-O 14. a3 Nc6
15. Bb6 Qb8 16. Rad1 Bxg3 17. hxg3 Qxb6 18. Qd6 Qb8 19. Qc5 f6 20. Rd6 Ne5 21.
Rb6 Qa7 22. Rd1 Rb8 23. Rdd6 Nc6 24. Nxb5 Qxb6 25. Qxb6 Rxb6 26. Na7 Rxb2 27.
Nxc8 Rxc8 28. Rxd7 Rxc2 29. Bxa6 Rd8 30. Rc7 Nd4 31. Rb7 Kf8 32. a4 Rc6 33. Bd3
Nf3+ 34. Kg2 Ne1+ 35. Kh3 Nxd3 36. a5 Ra8 0-1

[Event "Solingen-ch 2017"]
[Site "Solingen"]
[Date "2017.11.03"]
[Round "4.1"]
[White "Schneider, Bernd"]
[Black "Zolfagharian, Kevin"]
[Result "1-0"]
[WhiteElo "2372"]
[BlackElo "2156"]
[PlyCount "67"]
[EventDate "2017.??.??"]
[WhiteTeam "Bochumer SV"]
[BlackTeam "SG Solingen"]

1. c4 e5 2. Nc3 Nc6 3. Nf3 Nf6 4. e3 d5 5. cxd5 Nxd5 6. Bb5 Nxc3 7. bxc3 Bd7 8.
d4 Bd6 9. Bxc6 Bxc6 10. dxe5 Bxf3 11. Qxf3 Bxe5 12. O-O c6 13. Ba3 Qf6 14. Qg4
h5 15. Qa4 O-O-O 16. Qxa7 Bb8 17. Qa4 Qe5 18. g3 h4 19. Qg4+ f5 20. Qf3 hxg3
21. fxg3 Rd2 22. Rf2 Rxf2 23. Qxf2 Ba7 24. Re1 Re8 25. Bc1 g5 26. Rf1 f4 27.
gxf4 gxf4 28. Qxf4 Qxf4 29. Rxf4 Rxe3 30. Bxe3 Bxe3+ 31. Rf2 b5 32. Kg2 Bxf2
33. Kxf2 Kd7 34. Ke3 1-0

[Event "Solingen-ch 2017"]
[Site "Solingen"]
[Date "2017.10.24"]
[Round "4.2"]
[White "Lemanczyk, Thomas"]
[Black "Kniest, Oliver"]
[Result "1/2-1/2"]
[WhiteElo "2244"]
[BlackElo "2300"]
[PlyCount "35"]
[EventDate "2017.??.??"]
[WhiteTeam "SG Solingen"]
[BlackTeam "SG Solingen"]

1. c4 c5 2. Nc3 Nc6 3. Nf3 e5 4. g3 g6 5. Bg2 Bg7 6. O-O Nge7 7. a3 O-O 8. Rb1
a5 9. Ne1 d6 10. Nc2 Be6 11. Ne3 Rb8 12. d3 Qd7 13. Ned5 Bh3 14. Bxh3 Qxh3 15.
Nxe7+ Nxe7 16. b4 axb4 17. axb4 f5 18. Bd2 1/2-1/2